000 00323nam a2200145Ia 4500
100 _aSchildt/ Herbert
942 _cBK
654 _aturbo pascal
245 _aAdvanced Turbo Pascal:Version IV
260 _bMc Graw Hill
_aCalifornia
_c1988
082 _a1.6424
_bSCH
300 _a416
546 _aENGLISH
999 _c27092
_d27092